Pintapoesia / (Registro nro. 10436)

Detalles MARC
000 -LEADER
fixed length control field 00542nam a2200205 a 4500
001 - CONTROL NUMBER
control field 0000423
003 - CONTROL NUMBER IDENTIFIER
control field DO-SdBNP
005 - DATE AND TIME OF LATEST TRANSACTION
control field 20160620100246.0
007 - PHYSICAL DESCRIPTION FIXED FIELD--GENERAL INFORMATION
fixed length control field 0000423
008 - FIXED-LENGTH DATA ELEMENTS--GENERAL INFORMATION
fixed length control field 091125s20uu dr a 000 0 spa d
040 ## - CATALOGING SOURCE
Original cataloging agency BPMSU
Language of cataloging spa
Transcribing agency BPMSU
100 1# - MAIN ENTRY--PERSONAL NAME
Personal name Then Cruz, Nelson
245 10 - TITLE STATEMENT
Title Pintapoesia /
Statement of responsibility, etc. Nelson Then Cruz ; ilustración Lenín Paulino
260 ## - PUBLICATION, DISTRIBUTION, ETC. (IMPRINT)
Place of publication, distribution, etc. [Santo Domingo] :
Name of publisher, distributor, etc. sn,
Date of publication, distribution, etc. [201-?].
300 ## - PHYSICAL DESCRIPTION
Extent 37 p. :
Other physical details il.
Dimensions 27 cm.
700 ## - ADDED ENTRY--PERSONAL NAME
Personal name Paulino, Lenín
Relator term il.
910 ## - USER-OPTION DATA (OCLC)
User-option data
942 ## - ADDED ENTRY ELEMENTS (KOHA)
Source of classification or shelving scheme Dewey Decimal Classification
Koha item type Libros
956 ## - LOCAL ELECTRONIC LOCATION AND ACCESS (OCLC)
Host name Yngrid Lockward
Access number 10
Existencias
Withdrawn status Lost status Source of classification or shelving scheme Damaged status Not for loan Collection code Home library Current library Date acquired Source of acquisition Total Checkouts Barcode Date last seen Price effective from Koha item type
    Dewey Decimal Classification       Biblioteca Pública Metropolitana Salomé Ureña Biblioteca Pública Metropolitana Salomé Ureña 06/20/2016 Donación   BPMSU16060244 06/20/2016 06/20/2016 Libros